00746nas a2200229Ia 4500001001200000003001000012008004100022040002500063041001300088100002200101210001400123222001400137245004700151250001100198260000900209501012300218300001100341362001700352500011700369650001900486700001100505dg79-36106 IT-MiCISF161014c99999999xx |||||||||||| ||und|| aIT-MiCISFcIT-MiCISF aITALIANO aNyabera Emmanuel  aRifugiati aRifugiati 0aDonne: alla ricerca di condizioni migliori a1a ed. c2002 bCISF - Centro Internazionale Studi Famiglia - Via Giotto, 36 20145 MILANO (non commercial uses only)cCopyright 2016 app. 31 a n. 1 [2002] aHunt S., Chaikel D., Brown M., Martin V. Tema: donna, società, violenza, diritti-umani, educazione, formazione aDONNAvrivista aAA.VV.